01102nam a2200313Ia 450000500170000000800410001702000180005804100080007610000330008424501050011725000180022230000250024049000210026550000550028653400160034165000350035765000390039265000400043165000450047165000340051670000310055070000400058126400320062133600270065333700330068033800280071304000350074108400120077620220317001756.0170328s9999 xx 000 0 und d a9788498386837 aspa1 aMárai, Sándord1900-198913aLa hermanacSándor Márai ; traducción del húngaro de Mária Szijj y J.M. González Trevejo a1a. edición a253 páginasc22 cm aSándor Márai aIncluye datos biográficos del autor en la solapa tA nóvér142LEMBaNovela hungaraySiglo XX142LEMBaLiteratura hungaraySiglo XX142LEMBaEnfermedades en la literatura142LEMBaMedico y paciente en la literatura142LEMBaMuerte en la literatura1 aSzijj, Máriaetraductora1 aGonzález Trevejo, J. Metraductor aBarcelonabSalamandrac2015 atextobtxt2rdacontent asin mediaciónbn2rdamedia avolumenbnc2rdacarrier aCO-BoRNBPbspaerdacCO-BoRNBP aN MAR19